00328nam a2200121 a 4500008004100000020001500041050001800056100001800074245004100092260004400133350000900177700002000186120416s2000 ||||||||||||||||| || u a8120308654 aQA 76.758 Ghe aGhezzi, Carlo10aFundamentals of software engineering aNew DelhibPrentice-Hall of Indiac2000 a0.00 aMandrioli, Dino